000 00188 a2200097 4500
020 _a9789584297150
041 _aspa
100 _aDisney, Walt
245 _aLa Bella Durmiente
942 _cBK
999 _c27471
_d27471